Catalog

Record Details

Catalog Search



Available copies

  • 1 of 1 copy available at LARL/NWRL Consortium.
  • 1 of 1 copy available at Lake Agassiz Regional Library. (Show preferred library)

Current holds

0 current holds with 1 total copy.

Show Only Available Copies
Location Call Number / Copy Notes Barcode Shelving Location Status Due Date
Moorhead Public Library Y CRO (Text) 33500012053153 Main Available -

Record details

  • ISBN: 9780373211487
  • ISBN: 0373211481
  • Physical Description: 284 pages ; 22 cm
  • Publisher: Don Mills, Ontario : Harlequin Teen, [2015]

Content descriptions

Summary, etc.:
Twin sisters, one living in the Shadow Lands--the ... Read More
Subject: Twin sisters > Fiction.
Dead > Fiction.
Ghosts > Fiction.
Sisters > Fiction.
Serial murderers > Fiction.
Genre: Ghost stories.
Horror tales.
Young adult fiction.
LDR 01789cam a2200457Ii 4500
001178763
003LARL_NWRL_CONSORTIUM
00520150413093743.0
008140825t20152015onc d 000 f eng d
010 . ‡abl2015008701
019 . ‡a905545726
020 . ‡a9780373211487 ‡q(hardcover)
020 . ‡a0373211481 ‡q(hardcover)
035 . ‡a(OCoLC)889180153 ‡z(OCoLC)905545726
040 . ‡aBTCTA ‡beng ‡erda ‡cBTCTA ‡dBDX ‡dCGP ‡dOCLCO ‡dDCH ‡dIH7 ‡dOI6 ‡dVTL ‡dOCP
050 4. ‡aPZ7.C882724 ‡bSis 2015
08204. ‡a[Fic] ‡223
1001 . ‡aCross, Kady, ‡d1971- ‡eauthor. ‡0(LARL_NWRL_CONSORTIUM)220879
24510. ‡aSisters of blood and spirit ‡n#1 / ‡cKady Cross.
260 . ‡aDon Mills, Ontario : ‡bHarlequin Teen, ‡c[2015]
260 . ‡c©2015
300 . ‡a284 pages ; ‡c22 cm
336 . ‡atext ‡btxt ‡2rdacontent
337 . ‡aunmediated ‡bn ‡2rdamedia
338 . ‡avolume ‡bnc ‡2rdacarrier
4900 . ‡aSisters of blood and spirit ; ‡v1
520 . ‡aTwin sisters, one living in the Shadow Lands--the realm of the dead-- and one in the land of the living, are called upon to try and save a boy and his friends who have been marked for death by a long-dead serial killer.
650 0. ‡aTwin sisters ‡vFiction.
650 0. ‡aDead ‡vFiction.
650 1. ‡aGhosts ‡vFiction. ‡0(LARL_NWRL_CONSORTIUM)176019
650 1. ‡aSisters ‡vFiction. ‡0(LARL_NWRL_CONSORTIUM)167281
650 1. ‡aSerial murderers ‡vFiction. ‡0(LARL_NWRL_CONSORTIUM)167313
655 0. ‡aGhost stories.
655 0. ‡aHorror tales.
655 0. ‡aYoung adult fiction.
948 . ‡hNO HOLDINGS IN LAL - 123 OTHER HOLDINGS
994 . ‡aZ0 ‡bLAL
901 . ‡a178763 ‡bOCLC ‡c178763 ‡tbiblio

Additional Resources